Κοινωνία & ψυχική υγεία : επιστημονική περιοδική έκδοση για θέματα υγείας και κοινωνικού αποκλεισμού

Αποθηκεύτηκε σε:
Λεπτομέρειες βιβλιογραφικής εγγραφής
Συγγραφή απο Οργανισμό/Αρχή: Αριστοτέλειο Πανεπιστήμιο Θεσσαλονίκης
Μορφή: Περιοδική έκδοση
Γλώσσα:Greek
Δημοσίευση: Θεσσαλονίκη : Επιτροπή Ερευνών Α.Π.Θ., 2006-2009
Θέματα:
Ετικέτες: Προσθήκη ετικέτας
Δεν υπάρχουν, Καταχωρήστε ετικέτα πρώτοι!

MARC

LEADER 00000das a2200000 i 4500
001 1/85356
008 080516u20062009gr |||||||||||| ||gre||
022 |a 1790-9554  
035 |l 10097397  
040 |a GR-My-Ua   |b gre   |e AACR2  
041 0 |a gre 
082 0 |a 362.22   |2 (23)  
222 0 |a Κοινωνία και ψυχική υγεία  
245 1 0 |a Κοινωνία & ψυχική υγεία :   |h [περιοδικό]   |b επιστημονική περιοδική έκδοση για θέματα υγείας και κοινωνικού αποκλεισμού /  
246 1 |a Επιστημονική περιοδική έκδοση για θέματα υγείας και κοινωνικού αποκλεισμού  
260 |a Θεσσαλονίκη :   |b Επιτροπή Ερευνών Α.Π.Θ.,   |c 2006-2009  
300 |a  τ. :   |b εικ. ;   |c 28 εκ.  
310 |a Διμηνιαίο,   |b 2006-2009  
500 |a Η βιβλιοθήκη του παραρτήματος Ρόδου έχει στην συλλογή της τα εξής τεύχη: Τεύχος 1(2006), τεύχη 2-3 (2007), τεύχη 6,7,9,10 (2008). Λείπουν τα τεύχη 4,5 (2007) και τεύχος 8(2008). Η συλλογή είναι ελλιπής. Το περιοδικό διατίθεται ηλεκτρονικά. 
500 |a Το περιοδικό εκδόθηκε από το Τμήμα Ψυχολογίας του Α.Π.Θ από τον Οκτώβριο του 2006 έως τον Ιανουάριο του 2009 στο πλαίσιο του Ε.Π. Υγεία – Πρόνοια 2000-2008, Μέτρο 1.4 (Ανάπτυξη της Δημόσιας Υγείας). 
650 0 0 |a Mental health  |z Greece  |x Periodicals. 
650 0 0 |a Community mental health services  |z Greece  |x Periodicals. 
710 2 |a Αριστοτέλειο Πανεπιστήμιο Θεσσαλονίκης. 
853 |a INST  |b LESVOS  |c SER  |h 362.22 
853 |a INST  |b RHODES  |c SER  |h 362.22 
920 |a Δωρεά Βιβλιοθήκης   |y Ρόδος  |z 2006-10 
901 |a BIBL4-2008-2 
922 |a 4ΕΛΗ  |b 2006-10 
970 |a ΚΟΖΑ  |b ΜΑΡΙΑ  |z 2008/05/16